HB OF ORGANCE ANALYSIS (Record no. 7092)
[ view plain ]
| 000 -LEADER | |
|---|---|
| fixed length control field | 00298nam a2200133Ia 4500 |
| 008 - FIXED-LENGTH DATA ELEMENTS--GENERAL INFORMATION | |
| fixed length control field | 150301s2015 xx 000 0 und d |
| 082 ## - DEWEY DECIMAL CLASSIFICATION NUMBER | |
| Classification number | 615.3 |
| Item number | O07C |
| 100 ## - MAIN ENTRY--PERSONAL NAME | |
| Personal name | H.T. CLARKE |
| 245 ## - TITLE STATEMENT | |
| Title | HB OF ORGANCE ANALYSIS |
| 260 ## - PUBLICATION, DISTRIBUTION, ETC. (IMPRINT) | |
| Name of publisher, distributor, etc. | CBS- DELHI |
| 300 ## - PHYSICAL DESCRIPTION | |
| Extent | 290 |
| 650 ## - SUBJECT ADDED ENTRY--TOPICAL TERM | |
| Topical term or geographic name as entry element | CHEMISTRY |
| 942 ## - ADDED ENTRY ELEMENTS (KOHA) | |
| Source of classification or shelving scheme | Dewey Decimal Classification |
| Koha item type | Books |
| Withdrawn status | Lost status | Source of classification or shelving scheme | Damaged status | Not for loan | Collection code | Home library | Current library | Date acquired | Source of acquisition | Cost, normal purchase price | SGTU | Bill Number | Total Checkouts | Full call number | Barcode | Date last seen | Date last checked out | Bill Date | Koha item type | Shelving location |
|---|---|---|---|---|---|---|---|---|---|---|---|---|---|---|---|---|---|---|---|---|
| Dewey Decimal Classification | PHARMACY | SGT FA-FP Library | SGT FA-FP Library | 02/07/2015 | ABC DELHI | 395.00 | SGTU | 492 | 1 | 615.3 O07C | FP286 | 03/05/2017 | 19/04/2017 | 24/11/2014 | Books | |||||
| Dewey Decimal Classification | PHARMACY | SGT FA-FP Library | SGT FA-FP Library | 02/07/2015 | ABC DELHI | 395.00 | SGTU | 492 | 1 | 615.3 O07C | FP287 | 30/04/2019 | 30/04/2019 | 24/11/2014 | Books | |||||
| Dewey Decimal Classification | PHARMACY | SGT FA-FP Library | SGT FA-FP Library | 02/07/2015 | ABC DELHI | 395.00 | SGTU | 492 | 615.3 O07C | FP288 | 02/07/2015 | 24/11/2014 | Books | Reference Book | ||||||
| Dewey Decimal Classification | PHARMACY | SGT FA-FP Library | SGT FA-FP Library | 02/07/2015 | ABC DELHI | 395.00 | SGTU | 492 | 615.3 O07C | FP289 | 02/07/2015 | 24/11/2014 | Books | Reference Book | ||||||
| Dewey Decimal Classification | PHARMACY | SGT FA-FP Library | SGT FA-FP Library | 02/07/2015 | ABC DELHI | 395.00 | SGTU | 492 | 615.3 O07C | FP290 | 02/07/2015 | 24/11/2014 | Books | Reference Book |